000
00284nam a22001337a 4500
999
_c
12789
_d
12789
020
_a
9789351296096
082
_a
616.8900
100
_a
Fadem Barbara
245
_a
Behavioral Science
250
_a
7th
260
_a
India
_b
Wolters kluwer
_c
2017
300
_a
362 pages
942
_c
BK